الخطاب العربي المعاصر : (رقم التسجيلة. 20327)

تفاصيل مارك
000 -LEADER
fixed length control field 00654nam a22001817a 4500
005 - DATE AND TIME OF LATEST TRANSACTION
control field 20251108165028.0
008 - FIXED-LENGTH DATA ELEMENTS--GENERAL INFORMATION
fixed length control field 250721s1993 xx 000 0 ara d
082 14 - DEWEY DECIMAL CLASSIFICATION NUMBER
Classification number 956.09/اسم
100 1# - MAIN ENTRY--PERSONAL NAME
Personal name إسماعيل، فادي
245 10 - TITLE STATEMENT
Title الخطاب العربي المعاصر :
Remainder of title قراءة نقدية في مفاهيم النهضة و التقدم و الحداثة 1978-1987 /
250 ## - EDITION STATEMENT
Edition statement ط2.
264 1# - PRODUCTION, PUBLICATION, DISTRIBUTION, MANUFACTURE, AND COPYRIGHT NOTICE
Place of production, publication, distribution, manufacture المنصورة :
Name of producer, publisher, distributor, manufacturer دار الوفاء للنشر و التوزيع،
Date of production, publication, distribution, manufacture, or copyright notice 1993.
300 ## - PHYSICAL DESCRIPTION
Extent 181ص
490 0# - SERIES STATEMENT
Series statement سلسلة الرسائل الجامعية ؛3
650 17 - SUBJECT ADDED ENTRY--TOPICAL TERM
Topical term or geographic name as entry element تاريخ العرب
942 ## - ADDED ENTRY ELEMENTS (KOHA)
Source of classification or shelving scheme Dewey Decimal Classification
Koha item type كتب
المقتنيات
حالة السحب حالة الفقدان مصدر التصنيف حالة التلف غير قابل للإعارة المكتبة الرئيسية المكتبة الحالية موقع الرف تاريخ التزويد الرقم المتسلسل Total Checkouts رقم الإستدعاء تاريخ آخر ظهور تاريخ الفاتورة نوع المادة (كوها) الباركود
    Dewey Decimal Classification     المكتبة المركزية المكتبة المركزية الإعارة 08/09/2014 1581215   956.09/اسم 28/07/2025 08/09/2014 كتب PLD00306060
    Dewey Decimal Classification Unchecked   مكتبة النصر العامة مكتبة النصر العامة الإعارة 06/07/2004 5774   956.09/اسم 28/07/2025 06/07/2004 كتب  
    Dewey Decimal Classification Unchecked   مكتبة صويلح العامة مكتبة صويلح العامة الإعارة 06/07/2004 7771   956.09/اسم 28/07/2025 06/07/2004 كتب  
Implemented & Customized by: BBB with SCIT (Smart Chains for Information Technology)

Powered by Koha